|
|
|
|
| LEADER |
00000nam0a2200000 4500 |
| 001 |
81465 |
| 005 |
20231101213155.0 |
| 010 |
|
|
|a 5762003264
|
| 035 |
|
|
|a (RuTPU)RU\TPU\book\87567
|
| 090 |
|
|
|a 81465
|
| 100 |
|
|
|a 20050920d1991 m y0rusy50 ca
|
| 101 |
1 |
|
|a rus
|c ger
|
| 102 |
|
|
|a RU
|
| 105 |
|
|
|a y z 000ay
|
| 200 |
1 |
|
|a Игра в бисер
|e пер. с нем.
|e роман
|f Г. Гессе
|
| 210 |
|
|
|a Новосибирск
|c Новосибирское кн. изд-во
|d 1991
|
| 215 |
|
|
|a 464 с.
|
| 610 |
1 |
|
|a немецкая литература
|
| 610 |
1 |
|
|a романы
|
| 675 |
|
|
|a 83
|v 3
|
| 700 |
|
1 |
|a Гессе
|b Г.
|c немецкий писатель
|c мастер психологического символизма
|f 1877-1962
|g Герман
|2 stltpush
|3 (RuTPU)RU\TPU\pers\12868
|4 070
|9 3688
|
| 801 |
|
1 |
|a RU
|b 63413507
|c 20050920
|g PSBO
|
| 801 |
|
2 |
|a RU
|b 63413507
|c 20220603
|g PSBO
|
| 942 |
|
|
|c BK
|